| 000 | 01256cam a2200385 a 4500 | ||
|---|---|---|---|
| 999 |
_c927 _d927 |
||
| 001 | 2933978 | ||
| 003 | CaAEU | ||
| 005 | 20210622094128.0 | ||
| 008 | 010327s2002 onca b 001 0 eng | ||
| 016 | _a20019004702 | ||
| 020 | _a0130914215 (pbk.) | ||
| 035 | _aocm46660790 | ||
| 040 |
_aCaOONL _beng _cCaOONL _dCaOONL _dAENABC |
||
| 043 | _an-cn--- | ||
| 050 |
_aHQ560 _b.M28 2001 |
||
| 055 | 0 | 1 | _aHQ560 |
| 082 | 0 |
_a306.85/0971 _221 |
|
| 090 |
_aHQ 560 M28 2002 _bAEVAC |
||
| 090 |
_aHQ 560 M285 2002 _bAEU |
||
| 100 | 1 |
_aMcDaniel, Susan A., _d1946- |
|
| 245 | 1 | 0 |
_aClose relations : _ban introduction to the sociology of families / _cSusan A. McDaniel, Lorne Tepperman. |
| 250 | _aBrief ed. | ||
| 260 |
_aToronto : _bPrentice Hall, _cc2002. |
||
| 300 |
_axvi, 352 p. : _bill. ; _c24 cm. |
||
| 336 |
_atext _btxt _2rdacontent |
||
| 337 |
_aunmediated _bn _2rdamedia |
||
| 338 |
_avolume _bnc _2rdacarrier |
||
| 500 | _aIncludes index. | ||
| 504 | _aIncludes bibliographical references: p. 321-341. | ||
| 650 | 0 |
_aFamilies _zCanada. |
|
| 650 | 6 |
_aFamille _zCanada. |
|
| 700 | 1 | _aTepperman, Lorne. | |
| 770 | 0 |
_tClose relations, Instructor's manual with test item file. _dToronto : Prentice Hall, c2002. _w(CaOONL)20020080956 |
|
| 942 |
_2lcc _cBK _nJE |
||